Human development : (Record no. 7458)

MARC details
000 -LEADER
fixed length control field 02153cam a2200289 4500
001 - CONTROL NUMBER
control field 8606
003 - CONTROL NUMBER IDENTIFIER
control field Uk
005 - DATE AND TIME OF LATEST TRANSACTION
control field 20181127190344.0
008 - FIXED-LENGTH DATA ELEMENTS--GENERAL INFORMATION
fixed length control field 141127s2015 at 001|0|eng|d
020 ## - INTERNATIONAL STANDARD BOOK NUMBER
International Standard Book Number 9781305116641 (hbk.) :
Terms of availability 123.00
082 04 - DEWEY DECIMAL CLASSIFICATION NUMBER
Classification number 155
Edition number 23
100 1# - MAIN ENTRY--PERSONAL NAME
Personal name Kail, Robert V.,
Relator term
245 10 - TITLE STATEMENT
Title Human development :
Remainder of title a life-span view /
Statement of responsibility, etc. Robert Kail, John Cavanaugh.
250 ## - EDITION STATEMENT
Edition statement 6th ed
264 #1 - PRODUCTION, PUBLICATION, DISTRIBUTION, MANUFACTURE, AND COPYRIGHT NOTICE
Place of production, publication, distribution, manufacture Australia :
Name of producer, publisher, distributor, manufacturer South-Western,
Date of production, publication, distribution, manufacture, or copyright notice 2013.
300 ## - PHYSICAL DESCRIPTION
Extent 1 volume ;
Dimensions 25 cm.
336 ## - CONTENT TYPE
Content type term text
Source rdacontent.
337 ## - MEDIA TYPE
Media type term unmediated
Source rdamedia.
338 ## - CARRIER TYPE
Carrier type term volume
Source rdacarrier.
500 ## - GENERAL NOTE
General note Formerly CIP.
Institution to which field applies Uk.
General note Previous ed.: Belmont, Calif.: Wadsworth Cengage Learning, 2013.
504 ## - BIBLIOGRAPHY, ETC. NOTE
Bibliography, etc. note Includes bibliographical references and index.
505 ## - FORMATTED CONTENTS NOTE
Formatted contents note CONTENTS : The study of human development -- Biological foundations : heredity, prenatal development, and birth -- Tools for exploring the world : physical, perceptual, and motor development -- The emergence of thought and language : cognitive development in infancy and early childhood -- Entering the social world : socioemotional development in infancy and early childhood -- Off to school : cognitive and physical development in middle childhood -- Expanding social horizons : socioemotional development in middle childhood rites of passage : physical and cognitive development in adolescence -- Moving into the adult social world : socioemotional development in adolescence -- Becoming an adult : physical, cognitive, and personality development in young adulthood -- Being with others : forming relationships in young and middle adulthood -- Work and leisure : occupational and lifestyle issues in young and middle adulthood -- Making it in midlife : the biopsychosocial challenges of middle adulthood -- The personal context of later life : physical, cognitive, and mental health issues -- Social aspects of later life : psychosocial, retirement, relationship, and societal issues -- The final passage : dying and bereavement.
650 #0 - SUBJECT ADDED ENTRY--TOPICAL TERM
Topical term or geographic name entry element Developmental psychology.
700 1# - ADDED ENTRY--PERSONAL NAME
Personal name Cavanaugh, John C.,
Relator term author.
Holdings
Withdrawn status Lost status Source of classification or shelving scheme Damaged status Not for loan Collection code Home library Current library Shelving location Serial Enumeration / chronology Inventory number Total Checkouts Full call number Barcode Date last seen Price effective from Koha item type
    Dewey Decimal Classification     Main TEST RTC Library RTC Library Main opac 13083   155 KAI 30013529 27/11/2018 27/11/2018 Main
Royal Thimphu College || All Right Reserved